<?xml version="1.0" encoding="UTF-8"?>
<record
    xmlns:xsi="http://www.w3.org/2001/XMLSchema-instance"
    xsi:schemaLocation="http://www.loc.gov/MARC21/slim http://www.loc.gov/standards/marcxml/schema/MARC21slim.xsd"
    xmlns="http://www.loc.gov/MARC21/slim">

  <leader>01025nam a2200301 a 4500</leader>
  <controlfield tag="001">25753</controlfield>
  <controlfield tag="003">BD-RjUL</controlfield>
  <controlfield tag="005">20211209050925.0</controlfield>
  <controlfield tag="008">140319s1981    ii bf    b   f00110 eng</controlfield>
  <datafield tag="020" ind1=" " ind2=" ">
    <subfield code="a">0195612604 :</subfield>
  </datafield>
  <datafield tag="035" ind1=" " ind2=" ">
    <subfield code="a">(BD-RjUL)25823</subfield>
  </datafield>
  <datafield tag="039" ind1="0" ind2=" ">
    <subfield code="a">2</subfield>
    <subfield code="b">3</subfield>
    <subfield code="c">3</subfield>
    <subfield code="d">3</subfield>
    <subfield code="e">3</subfield>
  </datafield>
  <datafield tag="040" ind1=" " ind2=" ">
    <subfield code="a">DLC</subfield>
    <subfield code="c">DLC</subfield>
    <subfield code="d">BOS</subfield>
    <subfield code="d">BD-RjUL</subfield>
    <subfield code="b">eng</subfield>
  </datafield>
  <datafield tag="041" ind1=" " ind2=" ">
    <subfield code="a">eng</subfield>
  </datafield>
  <datafield tag="082" ind1=" " ind2=" ">
    <subfield code="a">954.14</subfield>
    <subfield code="b">AHB 1981</subfield>
  </datafield>
  <datafield tag="100" ind1="1" ind2="0">
    <subfield code="a">Ahmed, Rafiuddin,</subfield>
    <subfield code="d">1941-</subfield>
    <subfield code="9">79054</subfield>
  </datafield>
  <datafield tag="245" ind1="1" ind2="4">
    <subfield code="a">The Bengal Muslims, 1871-1906 :</subfield>
    <subfield code="b">a quest for identity /</subfield>
    <subfield code="c">Rafiuddin Ahmed.</subfield>
  </datafield>
  <datafield tag="260" ind1=" " ind2=" ">
    <subfield code="a">Delhi ;</subfield>
    <subfield code="a">New York :</subfield>
    <subfield code="b">Oxford University Press,</subfield>
    <subfield code="c">c1981.</subfield>
  </datafield>
  <datafield tag="300" ind1=" " ind2=" ">
    <subfield code="a">xvi, 271 p. :</subfield>
    <subfield code="b">maps ;</subfield>
    <subfield code="c">23 cm.</subfield>
  </datafield>
  <datafield tag="500" ind1=" " ind2=" ">
    <subfield code="a">Revision of the author's thesis (doctoral--Oxford)</subfield>
  </datafield>
  <datafield tag="504" ind1=" " ind2=" ">
    <subfield code="a">Includes bibliography (p. 251-263) and index.</subfield>
  </datafield>
  <datafield tag="650" ind1=" " ind2="0">
    <subfield code="a">Muslims</subfield>
    <subfield code="z">India</subfield>
    <subfield code="z">Bengal</subfield>
    <subfield code="x">Politics and government.</subfield>
    <subfield code="9">79102</subfield>
  </datafield>
  <datafield tag="650" ind1=" " ind2="0">
    <subfield code="a">Islam and politics</subfield>
    <subfield code="z">India</subfield>
    <subfield code="z">Bengal.</subfield>
    <subfield code="9">79056</subfield>
  </datafield>
  <datafield tag="651" ind1=" " ind2="0">
    <subfield code="a">Bengal (India)</subfield>
    <subfield code="x">Politics and government.</subfield>
    <subfield code="9">79103</subfield>
  </datafield>
  <datafield tag="942" ind1=" " ind2=" ">
    <subfield code="2">ddc</subfield>
    <subfield code="c">BK</subfield>
  </datafield>
  <datafield tag="999" ind1=" " ind2=" ">
    <subfield code="c">25753</subfield>
    <subfield code="d">25753</subfield>
  </datafield>
  <datafield tag="952" ind1=" " ind2=" ">
    <subfield code="0">0</subfield>
    <subfield code="1">0</subfield>
    <subfield code="2">ddc</subfield>
    <subfield code="4">0</subfield>
    <subfield code="7">0</subfield>
    <subfield code="8">NFIC</subfield>
    <subfield code="a">RUCL</subfield>
    <subfield code="b">RUCL</subfield>
    <subfield code="c">Stack</subfield>
    <subfield code="d">1985-07-08</subfield>
    <subfield code="e">Tulip</subfield>
    <subfield code="g">825.00</subfield>
    <subfield code="l">0</subfield>
    <subfield code="o">954.14 AHB 1981</subfield>
    <subfield code="r">2014-03-19 00:00:00</subfield>
    <subfield code="t">C-7</subfield>
    <subfield code="w">2014-03-19</subfield>
    <subfield code="y">BK</subfield>
  </datafield>
</record>
